000 00343nam a2200145 4500
001 38151
090 _a38151
100 _a20220907 frey50
101 _aPOR
102 _aPT
200 _aA história do Cãozinho
_fBob Bampton
210 _aLisboa
_cCírculo de Leitores
_d1998
215 _a[10] p.
_cil
801 _aPT
_bBMR
_gRPC
990 _cLIVROS